La politique chinoise des États-Unis ou l'Amérique face à elle-même (notice n° 1631283)

détails MARC
000 -LEADER
fixed length control field 01396cam a2200169 4500500
005 - DATE AND TIME OF LATEST TRANSACTION
control field 20260111104955.0
041 ## - LANGUAGE CODE
Language code of text/sound track or separate title fre
042 ## - AUTHENTICATION CODE
Authentication code dc
100 10 - MAIN ENTRY--PERSONAL NAME
Personal name Wachman, Alan
Relator term author
245 00 - TITLE STATEMENT
Title La politique chinoise des États-Unis ou l'Amérique face à elle-même
260 ## - PUBLICATION, DISTRIBUTION, ETC.
Date of publication, distribution, etc. 2005.<br/>
500 ## - GENERAL NOTE
General note 49
520 ## - SUMMARY, ETC.
Summary, etc. RésuméLes vues américaines sur la République populaire de Chine (RPC) reflètent des visions divergentes de l’identité nationale américaine. Le débat aux États-Unis sur les intentions de la RPC et la ligne à suivre face à Pékin sont donc moins le résultat de désaccords sur les faits que d’interprétations et de projets concurrents sur le rôle des États-Unis dans les affaires internationales.
520 ## - SUMMARY, ETC.
Summary, etc. Mirror or Window ? Visions of America determine views of ChinaAmerican views of the People’s Republic of China (PRC) reflect differing visions of American national identity. Hence, debates within the U.S. about the nature of the PRC and prescriptions for America’s “China policy” result less from disagreements about evidence than from disputes about interpretation and contestation about the preferred role for the U.S. in international affairs.
786 0# - DATA SOURCE ENTRY
Note Politique américaine | 2 | 2 | 2005-06-01 | p. 43-62 | 1771-8848
856 41 - ELECTRONIC LOCATION AND ACCESS
Uniform Resource Identifier <a href="https://shs.cairn.info/revue-politique-americaine-2005-2-page-43?lang=fr&redirect-ssocas=7080">https://shs.cairn.info/revue-politique-americaine-2005-2-page-43?lang=fr&redirect-ssocas=7080</a>

Pas d'exemplaire disponible.

PLUDOC

PLUDOC est la plateforme unique et centralisée de gestion des bibliothèques physiques et numériques de Guinée administré par le CEDUST. Elle est la plus grande base de données de ressources documentaires pour les Étudiants, Enseignants chercheurs et Chercheurs de Guinée.

Adresse

627 919 101/664 919 101

25 boulevard du commerce
Kaloum, Conakry, Guinée

Réseaux sociaux

Powered by Netsen Group @ 2025